Hand Driven Energy Efficient Reactor for Biogas Production from Organic Solid Waste (Record no. 478228)

000 -LEADER
fixed length control field 00679nam a22002057a 4500
003 - CONTROL NUMBER IDENTIFIER
control field NUST
005 - DATE AND TIME OF LATEST TRANSACTION
control field 20180424052316.0
008 - FIXED-LENGTH DATA ELEMENTS--GENERAL INFORMATION
fixed length control field 180424b ||||| |||| 00| 0 eng d
040 ## - CATALOGING SOURCE
Transcribing agency 0
082 ## - DEWEY DECIMAL CLASSIFICATION NUMBER
Classification number 628 SHI
100 ## - MAIN ENTRY--PERSONAL NAME
Personal name Shiza Aslam, Rimsha Zafar, Nauman Akbar
9 (RLIN) 10245
245 ## - TITLE STATEMENT
Title Hand Driven Energy Efficient Reactor for Biogas Production from Organic Solid Waste
Statement of responsibility, etc. Shiza Aslam, Rimsha Zafar, Nauman Akbar
260 ## - PUBLICATION, DISTRIBUTION, ETC.
Place of publication, distribution, etc. Islamabad
Name of publisher, distributor, etc. IESE (SCEE) NUST
Date of publication, distribution, etc. 2017
300 ## - PHYSICAL DESCRIPTION
Extent 46p.
440 ## - SERIES STATEMENT/ADDED ENTRY--TITLE
Title UG Environmental Engineering
9 (RLIN) 1834
500 ## - GENERAL NOTE
General note Thesis UG EE
650 ## - SUBJECT ADDED ENTRY--TOPICAL TERM
Topical term or geographic name entry element Environmental Engineering
9 (RLIN) 1550
700 ## - ADDED ENTRY--PERSONAL NAME
Relator code Dr. Zeshan Sheikh (Supervisor)
942 ## - ADDED ENTRY ELEMENTS (KOHA)
Source of classification or shelving scheme
Koha item type Thesis
Call number prefix IESE
Holdings
Withdrawn status Lost status Source of classification or shelving scheme Damaged status Not for loan Collection code Permanent Location Current Location Shelving location Date acquired Total Checkouts Full call number Barcode Date last seen Price effective from Koha item type
            Institute of Environmental Science and Engineering (IESE) Institute of Environmental Science and Engineering (IESE) Thesis 04/24/2018   628 SHI IESE-T-515 04/24/2018 04/24/2018 Thesis
© 2023 Central Library, National University of Sciences and Technology. All Rights Reserved.